000 00357nam a2200145Ia 4500
005 20251222143248.0
008 251222s9999||||xx |||||||||||||| ||spa||
020 _a9972330818
082 _a759.985.6/R93
100 _aRuiz de Pardo, Carmen
245 0 _aJoya del Arte Colonial Cuzqueño
250 _a1ra.ed.
264 _bPrado & Zegarra
942 _cLIB
999 _c14854
_d14854